Statistics for Guess a European City #1

Click here to take the quiz!

General Stats

  • This quiz has been taken 74 times
  • The average score is 13 of 23

Answer Stats

QuestionHintAnswer% Correct
The capital of the region of Ukraine located on the Black SeaOOdessa
86%
The site of the murder of Archduke Franz FerdinandSSarajevo
86%
The name of the city comes from the Irish Corcach Mór Mumhan, meaning the Great Marsh of Munster.CCork
85%
The city is situated on the river MainFFrankfurt
85%
The second largest city in DenmarkAAarhus
80%
The Dutch PSV club comes from this cityEEindhoven
77%
The capital of the Russian exclave in Central EuropeKKaliningrad
77%
Together with Gdynia and Sopot, it forms the Tri-CityGGdańsk
75%
The cathedral that dominates the city is the largest medieval cathedral in England and Northern EuropeYYork
75%
The city is located on the Elbe, the capital of the federal state of SaxonyDDresden
70%
The city is a port that lies at the mouth of the River Ness into the Moray Firth (North Sea)IInverness
68%
The city is located on the northeastern border of Italy, right on the border with SloveniaTTrieste
68%
The city is mainly known for inventing the game with the same name as the city. Legend has it that the game was created by William Webb Ellis in 1823RRugby
61%
One of the city's landmarks is the 19th century Clifton Suspension BridgeBBristol
59%
Here the treaty creating the European Union was signed by the European Council in 1992MMaastricht
58%
The city is often called Serbian AthensNNovi Sad
49%
There are two football clubs here: Botev (the oldest Bulgarian club) and Lokomotiv.PPlovdiv
46%
It is the second largest city of Thuringia after ErfurtJJena
35%
The annual Fire Festival is organized in this cityVValencia
30%
The word means bay in FinnishLLahti
18%
The city is the fourth most populous city in SlovakiaZZilina
14%
In Czech, the word means an estuary. In this case, it refers to the confluence of the river Bílina into the Elbe.UUsti nad Labem
11%
This city is home to the Eliza Orzeszkowa MuseumHHrodna
6%

Score Distribution

Percentile by Number Answered

Percent of People with Each Score

Your Score History

You have not taken this quiz